LEADER 01027nam a2200265 a 4500 001 000000152878 003 CaOOAMICUS 005 20160714095344.0 008 160714s2005 it u000 u ita r 020 $a88-348-5354-7* 032 $aLibriCat 040 $aPUL$bita 100 1 $aSagnotti, Simona C.$0(OLS)http://pul/name/97335 245 10$aForme e momenti del ragionare nel diritto / $cSimona C. Sagnotti. 260 $aTorino :$bG. Giappichelli,$cİ2005. 300 $a139 p. ;$c24 cm. 504 $aBibliografia p. [127]-135. 650 4$aDiritto$xStudi.$0(OLS)http://pul/subject/6409 850 $aPUL 852 $aPUL$W1$xDP1 Fondo G. Barberini$y122$m2 A 46$j33702$qFondi$B178390$CPULBib$Z2$F178390 $HBar532 $81 941 1 $a1 996 $6020$a88-348-5354-7*$9(OLS)http://pul/number/160629 996 $6245$aForme e momenti del ragionare nel diritto / $9(OLS)http://pul/title/192313 996 $6260$aTorino :$bG. Giappichelli$9(OLS)http://pul/publisher/49130 LEADER 01372nam a2200253 u 4500 001 000000104612 003 CaOOAMICUS 005 20070417120930.0 008 070417s2006 it u000 u ita u 020 $a88-7367-053-9 040 $aPUL$bita$dLDA 100 1 $aGrillo, Andrea,$d1961-$0(OLS)http://pul/name/32986 245 13$aLa formazione liturgica /$bAtti della XXXIII Settimana di Studio dell'Associazione Professori di Liturgia, Camposampiero (Padova), 28 agosto-2 settembre 2005$ca cura di Andrea Grillo. 260 $aRoma :$bC.L.V. Edizioni liturgiche,$cc2006. 300 $a207 p. ;$c22 cm 490 1 $aBibliotheca "Ephemerides liturgicae".$aSubsidia.$aStudi di liturgia.$aNuova serie ;$v137 650 4$aLiturgia.$0(OLS)http://pul/subject/2437 830 0$aStudi di liturgia. $pNuova serie ;$v137.$0(OLS)http://pul/title/197012 850 $aPUL 852 $aPUL$W1$xSL Religione 3$y85$m264. 02 GRIAN 1$j117122$qDDC 21$B117110$CPULBib$Z2$F117110 $H103009 $82 941 1 $a9 996 $6020$a88-7367-053-9$9(OLS)http://pul/number/134060 996 $6245$aLa formazione liturgica /$bAtti della XXXIII Settimana di Studio dell'Associazione Professori di Liturgia, Camposampiero (Padova), 28 agosto-2 settembre 2005$9(OLS)http://pul/title/131583 996 $6260$aRoma :$bC.L.V. Edizioni liturgiche$9(OLS)http://pul/publisher/51216